000 00570nam a2200217Ia 4500
003 OSt
005 20250503115944.0
008 210423s2006 xx 000 0 und d
020 _a415332966
040 _cAL
041 _aeng
082 _a801.95
_223
_bMALR
100 _aSimon Malpas
_987861
245 _aRoutledge companion to critical theory
260 _aLondon
_bRoutledge & Kegan Paul
_c2006
300 _axiii,296
_bPB
365 _b450
_cINR
700 _aWake, Paul
_9209155
906 _acompanion ; critical ; Routledge ; theory.
942 _2ddc
_cBK
999 _c157392
_d157392